Po viac ako polstoročí konečne dovolenka Štefan Čurilla ovplyvnil tri generácie interpretov hudby.-

Bibliographic Details
Main Authors: Ištvánová, Monika (Author, Interviewer), Čurilla, Štefan, 1934- (Author)
Format: Article
Language:Slovak
PhysicalDescription:Fotogr.
ISSN:1339-7605
Subjects:
Online Access:http://kosicednes.sk/rozhovory/po-viac-ako-polstoroci-konecne-dovolenka/

MARC

LEADER 00000nab a2200000 a 4500
001 vtls011713190
003 SK-MaSNL
005 20260305000047.0
008 171110|20170929xo zr|p 000 0 slo
038 |a KEVKJB 
040 |a KEVKJB  |b slo  |c KEVKJB  |e AACR2 
041 0 |a slo 
044 |a xo  |c SK 
080 |a 78.071.4  |2 2011 
100 1 |a Ištvánová, Monika  |4 ivr  |4 aut  |9 1574191 
245 1 0 |a Po viac ako polstoročí konečne dovolenka  |b Štefan Čurilla ovplyvnil tri generácie interpretov hudby.-  |c Monika Ištvánová 
300 |b Fotogr. 
600 1 7 |a Čurilla, Štefan,  |d 1934-  |2 kevkjb  |9 295498 
650 0 7 |a osobnosti  |2 snkbucl  |9 29820 
650 0 7 |a rodáci  |2 kevkjb  |9 30842 
651 7 |a Košice (Slovensko)  |2 kevkjb  |9 18694 
651 7 |a Plechotice (Slovensko)  |2 kevkjb  |9 58202 
655 7 |a rozhovory  |2 kevkjb  |9 31831 
700 1 |a Čurilla, Štefan,  |d 1934-  |4 ive  |4 aut  |9 295498 
773 0 |t KOŠICE:DNES  |g Roč. 4, č. 185 (29.9.2017), s. 12-13  |x 1339-7605 
852 |a KEVKJB  |b KIS3GCP 
856 4 1 |u http://kosicednes.sk/rozhovory/po-viac-ako-polstoroci-konecne-dovolenka/ 
958 |a BX 
999 |c 3211982  |d 3213912